|
|
|
|
| LEADER |
01658nam a2200445 a 4500 |
| 001 |
000925029 |
| 003 |
CZ BrMZK |
| 005 |
20090930082700.0 |
| 007 |
ta |
| 008 |
081217s2008 xo a f 000 0 slo |
| 020 |
|
|
|a 978-80-228-1888-9
|q (brož.)
|
| 040 |
|
|
|a BOA001
|b cze
|
| 041 |
0 |
|
|a slo
|b eng
|
| 043 |
|
|
|a e-xo---
|
| 072 |
|
7 |
|a 674
|x Dřevo. Dřevařský průmysl
|2 Konspekt
|9 19
|
| 080 |
|
|
|a 334.012.63/.64
|2 MRF
|
| 080 |
|
|
|a 674
|2 MRF
|
| 080 |
|
|
|a 005.642.1
|2 MRF
|
| 080 |
|
|
|a (437.6)
|2 MRF
|
| 080 |
|
|
|a (048.8)
|2 MRF
|
| 100 |
1 |
|
|a Kajan, Tomáš
|7 mzk2008486781
|4 aut
|
| 245 |
1 |
0 |
|a Vyhodnotenie benchmarkingového porovnávania vo vybraných malých a stredných podnikoch drevospracujúceho priemyslu /
|c Tomáš Kajan, Anna Zaušková
|
| 250 |
|
|
|a Vyd. 1.
|
| 260 |
|
|
|a Vo Zvolene :
|b Technická univerzita,
|c 2008
|
| 300 |
|
|
|a 146 s. :
|b il. ;
|c 26 cm
|
| 500 |
|
|
|a Nad názvem: Technická univerzita vo Zvolene, Drevárska fakulta
|
| 500 |
|
|
|a 60 výt.
|
| 504 |
|
|
|a Obsahuje bibliografii
|
| 546 |
|
|
|a Anglické resumé
|
| 541 |
|
|
|a Bratislava, Centrum vedecko-technických informácií SR
|
| 650 |
0 |
7 |
|a malé a střední podniky
|7 ph115211
|z Slovensko
|2 czenas
|
| 650 |
0 |
7 |
|a dřevařský průmysl
|7 ph114401
|z Slovensko
|2 czenas
|
| 650 |
0 |
7 |
|a benchmarking
|7 ph174181
|2 czenas
|
| 655 |
|
7 |
|a studie
|7 fd133597
|2 czenas
|
| 700 |
1 |
|
|a Zaušková, Anna
|7 mzk2008486784
|4 aut
|
| 710 |
2 |
|
|a Technická univerzita vo Zvolene.
|b Drevárska fakulta
|7 uzp2007391439
|
| 910 |
2 |
|
|a BOA001
|b 3-1218.017
|
| 990 |
|
|
|a BK
|
| 991 |
|
|
|b 200902
|c NOV
|
| 996 |
7 |
|
|b 2610366546
|c 3-1218.017
|l MZK
|r Sklad / do 1 hodiny
|n 4
|p vým.
|w 000925029
|u 000010
|a 1
|e BOA001
|j MZK50
|s A
|